00674nam a2200217Ia 4500003000400000005001700004006001800021007000300039008004100042037001700083040001800100041001300118082002700131110004500158245005500203260005700258300003500315490004700350650001400397700004500411OSt20220925192732.0a|||||r|||| 00| 0ta220923b |||||||| |||| 00| 0 eng d cGeneral Book aRTLcRTLbeng 2engaeng aU18:M95(D:28).2.N7, M3 aIndia Government of... Geological Survey 0aPapers on role of photointerpretaiton and role sen aCalcuttabIndia Geological Survey India c1983 aiii,179p. Bib chapterwiseccm. aGeological survey of India publicaiton ,48 aGeography aIndia Government of... Geological Survey